000 00595nam a22002057a 4500
005 20170731151935.0
008 170731b xxu||||| |||| 00| 0 eng d
020 _a9788184577334
_cRs.1195.00
040 _aLoreto College
041 _aEnglish
082 _a375
_bKAU
100 _aKaur,Manpreet
245 _aDiscipline and curriculum
_bDoctrines,paradigms and approaches
_cManpreet Kaur
260 _aNew Delhi
_bKanishka Publishers
_c2016
300 _axi,377p
_b22cm
504 _aIncludes bibliographical references and index
650 _aCurriculum
850 _aLCLIB
942 _cBK
999 _c41172
_d91651